000
00211nam a22000857a 4500
999
_c
263791
_d
263790
020
_a
0439671442
245
_a
Duck for President
260
_a
New York
_b
N.Y. : Atheneum Books for Young Readers
_c
2004
942
_c
BK